000 00955nam a2200301 i 4500
001 12476
003 KOSZ 005
005 20200630132826.0
008 990506s1965 pl f d |000 0 gre
015 _aPB 1966/5775
040 _aWA N
_cWA N
_dKOSZ 005/EG
041 0 _agre
_apol
046 _k1965
080 _a811.14
080 _a811.162.1
080 _a(03)
245 0 0 _aSłownik grecko-polski.
_nT. 4,
_pΠ-Ω /
_cpod red. Zofii Abramowiczówny.
260 _aWarszawa :
_bPańst. Wydaw. Naukowe,
_c1965.
300 _a733, [2] s. ;
_c22 cm.
380 _aKsiążki.
500 _aCałość obejmuje 4 t.
650 4 _aJęzyk grecki
655 _aSłowniki grecko-polskie.
700 1 _aAbramowiczówna, Zofia
_d(1906-1988).
_eRedakcja
710 2 _aPaństwowe Wydawnictwo Naukowe
856 _uhttp://koha.tu.koszalin.pl/cgi-bin/koha/opac-detail.pl?biblionumber=12476
_yKatalog online BPK
942 _2UKD
_cKS
999 _c12476
_d12476